000 00677nam a22002177a 4500
005 20170124110030.0
010 _aA-351328
020 _c00.00
035 _aA-351328
037 _bCen Lib/Ret
040 _adpl
_bEN
082 _a374
_bARB
100 _aArbind Kumar Singh
_921543
245 _aA micro analysis of adult education in India /
_cby Arbind Kumar Singh
260 _bNational Book Organisation
_c1988
_aNew Delhi
270 _aH-39, Green Park Extension
_bNew Delhi
_e110016
300 _ax,190p.
_c18cm(Hb)
500 _aIncludes bibliographical references and index
650 _aMicro economics.
_921544
942 _2ddc
_cEN
_h374
_mARB
999 _c127786
_d127786